Every 100,000+ City in 1900 on a Map - Statistics

General Stats
  • This quiz has been taken 16,657 times
  • The average score is 144 of 294
Answers on the Map
Answers color-coded by a green-red scale on the quiz's map according to % correct below.
 
Answer Stats
Country /
Colony
Pop. City % Correct
United Kingdom 4,536,541 London
95%
United States 3,437,202 New York City
95%
France 2,714,068 Paris
94%
Russia 1,175,000 Moscow
93%
United States 102,479 Los Angeles
92%
Germany 1,888,848 Berlin
91%
Spain 540,109 Madrid
91%
Mexico 344,721 Mexico City
91%
Italy 422,411 Rome
91%
Japan 1,947,300 Tokyo
91%
United States 1,698,575 Chicago
90%
Brazil 811,443 Rio de Janeiro
90%
Spain 528,946 Barcelona
89%
Egypt (UK) 595,000 Cairo
89%
Ottoman Empire 942,900 Constantinople
89%
Portugal 351,210 Lisbon
89%
United States 342,782 San Francisco
89%
China 1,100,000 Beijing
88%
United Kingdom 290,638 Dublin
88%
Russia 1,418,000 Saint Petersburg
88%
Argentina 865,000 Buenos Aires
87%
United States 560,892 Boston
86%
New South Wales (UK) 481,830 Sydney
86%
British India 208,575 Delhi
85%
Cuba (US) 236,000 Havana
85%
United Kingdom 543,872 Manchester
85%
Italy 538,483 Milan
85%
Austria-Hungary 1,627,234 Vienna
85%
Netherlands 510,900 Amsterdam
83%
Greece 111,500 Athens
83%
Norway 227,600 Kristiania
83%
Italy 621,213 Naples
83%
Chile 296,600 Santiago
83%
Sweden 300,523 Stockholm
83%
British India 776,006 Bombay
82%
Austria-Hungary 716,476 Budapest
82%
Denmark 468,936 Copenhagen
82%
Peru 103,900 Lima
82%
Germany 499,932 Munich
82%
Brazil 239,820 São Paulo
82%
United States 278,718 Washington
82%
United Kingdom 303,638 Edinburgh
81%
United States 1,293,697 Philadelphia
81%
China 619,000 Shanghai
81%
Russia 711,988 Warsaw
81%
Egypt (UK) 314,000 Alexandria
80%
United States 285,704 Detroit
80%
United Kingdom 761,712 Glasgow
80%
Korea 211,200 Hanseong
80%
United Kingdom 684,958 Liverpool
80%
Victoria (UK) 496,079 Melbourne
80%
United States 287,104 New Orleans
80%
Canada 208,040 Toronto
80%
Belgium 218,623 Brussels
79%
Germany 705,738 Hamburg
79%
France 491,161 Marseille
79%
Colombia 110,000 Bogotá
78%
Russia 260,000 Kiev
78%
France 459,099 Lyon
78%
Portugal 165,729 Porto
78%
Italy 189,368 Venice
78%
Romania 282,071 Bucharest
77%
Dutch East Indies 115,900 Batavia
76%
United Kingdom 522,204 Birmingham
76%
Siam 267,000 Bangkok
75%
United Kingdom 349,180 Belfast
75%
Canada 267,730 Montreal
75%
Japan 881,344 Osaka
75%
Persia 150,000 Tehran
75%
Germany 288,989 Frankfurt am Main
74%
British Hong Kong 181,918 Victoria
74%
Philippines (US) 190,000 Manila
73%
French Tunisia 156,000 Tunis
73%
French Algeria 140,000 Algiers
72%
United States 133,859 Denver
72%
France 105,109 Nice
72%
Austria-Hungary 222,588 Prague
72%
Straits Settlements (UK) 193,089 Singapore
72%
Ottoman Empire 145,000 Baghdad
71%
Italy 236,635 Florence
71%
Netherlands 318,500 Rotterdam
71%
British India 847,796 Calcutta
70%
French Indochina 103,200 Hanoi
70%
Uruguay 266,000 Montevideo
70%
French Indochina 166,000 Saigon
70%
Spain 147,271 Seville
70%
Italy 335,656 Turin
70%
Spain 215,687 Valencia
70%
United Kingdom 428,968 Leeds
68%
United States 202,718 Minneapolis
68%
Italy 309,566 Palermo
68%
United States 575,238 St. Louis
68%
China 585,000 Guangzhou
67%
Japan 371,600 Kyoto
67%
Russia 282,230 Riga
67%
Switzerland 150,703 Zürich
67%
United States 508,957 Baltimore
66%
France 256,638 Bordeaux
66%
Germany 372,229 Cologne
66%
United Kingdom 164,333 Cardiff
65%
United States 391,768 Cleveland
65%
Ottoman Empire 140,500 Damascus
65%
Ottoman Empire 118,800 Beirut
64%
United States 169,164 Indianapolis
63%
Belgium 272,831 Antwerp
62%
Russia 179,000 Baku
62%
United States 352,387 Buffalo
62%
Italy 377,610 Genoa
62%
China 450,000 Hankou
62%
United States 321,616 Pittsburgh
62%
China 300,000 Wuchang
62%
United Kingdom 215,328 Newcastle upon Tyne
61%
Russia 403,815 Odessa
61%
Germany 140,563 Danzig
60%
United States 285,315 Milwaukee
60%
United States 325,902 Cincinnati
59%
Mexico 101,200 Guadalajara
59%
Japan 122,306 Hiroshima
59%
United States 163,752 Kansas City
59%
United States 125,560 Columbus
58%
Germany 213,711 Düsseldorf
57%
Netherlands 206,022 The Hague
57%
China 250,000 Xi'an
57%
United Kingdom 328,945 Bristol
56%
Germany 396,146 Dresden
56%
Japan 107,422 Nagasaki
56%
British India 116,663 Karachi
55%
British India 509,346 Madras
55%
Germany 166,699 Stuttgart
55%
Russia 159,862 Tiflis
55%
France 149,841 Toulouse
55%
British Ceylon 154,691 Colombo
54%
Morocco 120,000 Marrakesh
54%
Ottoman Empire 125,000 Salonica
54%
Ottoman Empire 201,000 Smyrna
54%
United Kingdom 153,114 Aberdeen
53%
Sweden 152,172 Gothenburg
53%
France 210,696 Lille
53%
United States 102,320 Memphis
53%
United States 163,065 Saint Paul
53%
British India 448,466 Hyderabad
52%
Germany 456,124 Leipzig
52%
Spain 131,063 Málaga
52%
Russia 162,600 Vilna
52%
British India 159,046 Bangalore
51%
Germany 261,081 Nuremberg
51%
United Kingdom 380,793 Sheffield
51%
British India 202,964 Lahore
50%
Italy 153,271 Bologna
49%
Morocco 108,000 Fez
49%
United Kingdom 104,824 Southampton
49%
Germany 151,041 Straßburg
49%
France 132,990 Nantes
48%
United States 175,597 Providence
48%
British India 234,881 Rangoon
48%
Germany 161,184 Bremen
47%
China 270,000 Nanjing
47%
China 700,000 Tianjin
47%
China 300,000 Chengdu
46%
Germany 142,733 Dortmund
46%
Germany 235,666 Hanover
46%
Japan 244,145 Nagoya
46%
United Kingdom 107,636 Plymouth
46%
Ottoman Empire 108,143 Aleppo
45%
Germany 189,483 Königsberg
45%
United Kingdom 239,743 Nottingham
45%
United States 204,731 Louisville
44%
Brazil 113,106 Recife
44%
United States 108,374 Syracuse
44%
China 180,000 Chongqing
43%
Russia 198,273 Kharkov
43%
United States 246,070 Newark
43%
British India 185,889 Ahmedabad
42%
Germany 118,862 Essen
42%
United States 102,555 Omaha
42%
United Kingdom 123,478 Brighton
41%
Austria-Hungary 143,226 Lviv
41%
Russia 156,506 Tashkent
41%
China 100,000 Xiamen
41%
Belgium 160,133 Ghent
40%
United Kingdom 211,579 Leicester
40%
Brazil 205,813 Salvador
40%
Austria-Hungary 134,143 Trieste
40%
United States 162,608 Rochester
39%
Switzerland 109,161 Basel
38%
Russia 314,020 Lodz
38%
United Kingdom 111,733 Norwich
38%
United Kingdom 188,133 Portsmouth
38%
Russia 113,500 Rostov-on-Don
38%
Germany 422,709 Breslau
37%
United Kingdom 240,259 Kingston upon Hull
37%
United States 131,822 Toledo
37%
Italy 147,700 Catania
35%
United Kingdom 161,173 Dundee
35%
Germany 107,977 Kiel
35%
Russia 125,800 Kishinev
35%
Netherlands 102,086 Utrecht
35%
Russia 131,500 Kazan
34%
British India 153,320 Poona
34%
Dutch East Indies 146,900 Surabaya
34%
British India 188,022 Agra
33%
Austria-Hungary 127,484 Graz
33%
Belgium 157,760 Liège
33%
Japan 196,653 Yokohama
33%
Austria-Hungary 100,921 Brünn
32%
China 350,000 Hangzhou
32%
Spain 111,693 Murcia
32%
Germany 135,245 Aachen
31%
United States 206,433 Jersey City
31%
Germany 141,131 Mannheim
31%
United States 108,027 New Haven
31%
Argentina 112,462 Rosario
31%
British India 160,167 Jaipur
30%
Japan 283,839 Kobe
30%
Germany 210,702 Stettin
30%
France 130,196 Le Havre
29%
British India 264,049 Lucknow
29%
Italy 147,589 Messina
29%
British India 183,816 Mandalay
28%
Russia 121,000 Yekaterinoslav
28%
Germany 117,033 Posen
27%
France 116,316 Rouen
26%
United Kingdom 146,077 Sunderland
26%
British India 119,306 Surat
25%
China 250,000 Fuzhou
24%
France 108,385 Reims
24%
France 101,602 Toulon
24%
United States 118,421 Worcester
24%
China 160,000 Mukden
23%
Russia 109,640 Samara
23%
China 220,000 Changsha
22%
United Kingdom 105,912 Derby
22%
Germany 229,667 Magdeburg
22%
France 102,559 Nancy
22%
Persia 175,000 Tabriz
22%
United Kingdom 279,767 Bradford
20%
Southern Nigeria (UK) 204,000 Ibadan
19%
Russia 112,880 Astrakhan
18%
Germany 206,913 Chemnitz
18%
France 146,559 Saint-Étienne
18%
United States 102,026 Scranton
18%
British India 127,734 Nagpore
17%
China 280,000 Suzhou
17%
China 257,000 Ningbo
16%
British India 134,785 Patna
16%
Germany 141,944 Barmen
15%
British India 209,331 Benares
15%
United Kingdom 127,626 Blackburn
15%
Germany 128,226 Braunschweig
15%
Germany 156,966 Elberfeld
15%
Russia 143,000 Saratov
15%
United Kingdom 168,215 Bolton
14%
Germany 106,034 Cassel
14%
British India 197,170 Cawnpore
14%
Germany 156,609 Halle an der Saale
14%
United Kingdom 112,989 Preston
14%
Spain 103,373 Cartagena
13%
China 135,000 Jinan
13%
British India 162,429 Amritsar
11%
China 110,000 Lanzhou
11%
Austria-Hungary 100,270 Szeged
10%
Russia 111,000 Tula
10%
China 200,000 Wuxi
9%
China 200,000 Foshan
8%
China 100,000 Guiyang
8%
British India 105,984 Madura
8%
China 150,000 Nanchang
8%
United Kingdom 137,246 Oldham
8%
France 124,365 Roubaix
8%
British India 122,618 Srinagar
8%
British India 173,032 Allahabad
7%
British India 103,790 Baroda
7%
United States 104,863 Fall River
7%
United States 105,171 Paterson
7%
United Kingdom 220,957 Salford
7%
Dutch East Indies 109,500 Surakarta
7%
United States 129,896 Allegheny
6%
United Kingdom 110,915 Birkenhead
6%
Germany 189,305 Charlottenburg
6%
Germany 106,893 Crefeld
6%
United Kingdom 133,895 Croydon
6%
United Kingdom 109,888 Gateshead
6%
Germany 161,501 Altona
5%
United Kingdom 104,936 Halifax
5%
China 150,000 Kaifeng
5%
British India 118,129 Meerut
5%
United Kingdom 102,541 Tottenham
5%
United Kingdom 267,358 West Ham
5%
British India 131,208 Bareilly
4%
China 168,000 Zhenjiang
4%
British India 157,594 Howrah
3%
British India 104,721 Trichinopoly
3%
French Indochina 122,100 Cholon
1%
United Kingdom 114,811 Willesden
1%
No matching quizzes found
Score Distribution
Percent of People with Each Score
Percentile by Number Answered
Your Score History
You have not taken this quiz